Normal view
MARC view
- Er. Sajeena S (Guide)
Entry Personal Name
001 - CONTROL NUMBER
- control field: 3652
003 - CONTROL NUMBER IDENTIFIER
- control field: OSt
005 - DATE AND TIME OF LATEST TRANSACTION
- control field: 20181010135721.0
008 - FIXED-LENGTH DATA ELEMENTS
- fixed length control field: 181010|| aca||aabn | a|a d
040 ## - CATALOGING SOURCE
- Original cataloging agency: OSt
- Transcribing agency: OSt
100 ## - HEADING--PERSONAL NAME
- Personal name: Er. Sajeena S (Guide)
670 ## - SOURCE DATA FOUND
- Source citation: Work cat.: (OSt)15141: ANU CHANDRAN 3649, Performance evaluation of cost effective fertigation system
